000 01100nam a22003377a 4500
003 CHAP
005 20220817042449.0
008 971013s1966 r 00010 d
010 _a45537
011 _a46509
035 _a50650
040 _cCHAP
082 _a338.17318
_bF34 1966
110 _aFAO
245 _aPolíticas arroceras nacionales, 1966
260 _aRoma :
_bFAO,
_c1966
300 _a155 p.
490 _aFAO. Estudios sobre políticas de productos básicos
_v; 18
590 _aBATCH-UPD
_b10
_c20130110
_lUCH01
_h0131
590 _aBATCH-UPD
_b10
_c20130110
_lUCH01
_h2311
590 _aBATCH-UPD
_b10
_c20130409
_lUCH01
_h2126
590 _aBATCH-UPD
_b10
_c20130410
_lUCH01
_h1603
590 _aBATCH-UPD
_b10
_c20130914
_lUCH01
_h0409
590 _aBATCH-UPD
_b10
_c20130914
_lUCH01
_h2119
590 _aCONVERSION
_b10
_c20130109
_lUCH01
_h1325
650 1 4 _aArroz
_xAspectos económicos.
_97562
830 0 _aFAO. Estudios sobre politicas de productos básicos
_v; 18
901 _aBK
942 _cLIBRO
949 _a338.17318 F34 1966
_bBC
_cFAO
_d-113746
_eFAO1
_h5684
_i50650
_mD
_si
999 _c45537
_d45537